[Event "BSenEM 2014"]
[Site "Berlin"]
[Date "2014.02.01"]
[Round "3.30"]
[White "Kasper, Peter"]
[Black "Hoppe, Rainer"]
[Result "1/2-1/2"]
[WhiteElo "1587"]
[BlackElo "1797"]
[Annotator "Jaeger,André"]
[PlyCount "115"]
[EventDate "2014.01.30"]
[WhiteTeam "SG Eckturm"]
[BlackTeam "SG Wedding e.V."]

1. e4 d6 2. d4 Nf6 3. Nc3 g6 4. h3 Bg7 5. Nf3 c6 6. a3 O-O 7. Be2 Nbd7 8. O-O
Qc7 9. Bf4 e5 10. dxe5 dxe5 11. Be3 Rd8 12. Bd3 b6 13. Qd2 Nf8 14. Qe2 Ne6 15.
Nd1 Bb7 16. g3 b5 17. c3 a6 18. Bc2 c5 19. Ng5 Nf8 20. Bc1 Qc6 21. Re1 h6 22.
Nf3 N6d7 23. Nh2 c4 24. f3 Nc5 25. Nf2 Rd7 26. Be3 Nfe6 27. Rad1 Rad8 28. Rxd7
Rxd7 29. Rd1 Qc7 30. Rxd7 Qxd7 31. Qd1 Qxd1+ 32. Nxd1 h5 33. Kf2 Kh7 34. Ke2
Bh6 35. Bxh6 Kxh6 36. Ne3 Kg7 37. Nhf1 Kf8 38. Ng2 Ke7 39. h4 Ng7 40. Nfe3 Ke6
41. Kd2 f5 42. exf5+ Nxf5 43. Nxf5 gxf5 44. Ke3 Bd5 45. Ne1 Kf6 46. f4 Be4 47.
fxe5+ Kxe5 48. Bd1 Na4 49. Bxa4 bxa4 50. Nf3+ Bxf3 {(=)} 51. Kxf3 Ke6 52. Ke2
Kd5 53. Kf3 Ke5 54. Ke3 a5 55. Kf3 Ke6 56. Ke2 Ke5 57. Kf3 Ke6 58. Kf4 1/2-1/2

[Event "BSenEM 2014"]
[Site "Berlin"]
[Date "2014.02.01"]
[Round "3.31"]
[White "Oppermann, Peter"]
[Black "Windmueller, Werner"]
[Result "1/2-1/2"]
[WhiteElo "1789"]
[BlackElo "1581"]
[Annotator "Jaeger,André"]
[PlyCount "104"]
[EventDate "2014.01.30"]
[WhiteTeam "SK Tempelhof 1931 e.V."]
[BlackTeam "SV Berolina Mitte e.V."]

1. d4 d5 2. Nf3 e6 3. e3 Nf6 4. Bd3 Be7 5. O-O a6 6. b3 b5 7. Nbd2 Bb7 8. Bb2
Nbd7 9. c4 dxc4 10. bxc4 bxc4 11. Nxc4 a5 12. Ncd2 Ba6 13. Nc4 Bb7 14. Nfd2 Nb6
15. Nxb6 cxb6 16. Bb5+ Kf8 17. f3 Nd5 18. Qe2 Nc7 19. Bd3 h5 20. f4 f5 21. Nc4
Nd5 22. e4 Nb4 23. Bb1 Bf6 24. Rd1 Ba6 25. a3 Rc8 26. axb4 Bxc4 27. Qe1 Bb3 28.
Rd2 a4 29. exf5 Qd6 30. Qe3 Kf7 31. fxe6+ Qxe6 32. Qxe6+ Kxe6 {(=)} 33. Bd3 Kd5
34. Bb5 Rc2 35. Rxc2 Bxc2 36. Bxa4 Bxa4 37. Rxa4 Bxd4+ 38. Bxd4 Kxd4 39. Ra7
Ke3 40. Rxg7 Rd8 41. h3 Kxf4 42. Rf7+ Ke4 43. Rf6 b5 44. Rh6 Rd5 45. Kf2 Kf4
46. Rf6+ Ke4 47. Kg3 Rg5+ 48. Kh2 Rd5 49. h4 Kd4 50. Kg3 Kc4 51. Rf4+ Kc3 52.
Re4 Rf5 1/2-1/2

[Event "BSenEM 2014"]
[Site "Berlin"]
[Date "2014.02.01"]
[Round "3.33"]
[White "Hiller, Bernd"]
[Black "Olschewsky, Roman"]
[Result "1-0"]
[WhiteElo "1762"]
[BlackElo "1561"]
[Annotator "Jaeger,André"]
[PlyCount "38"]
[EventDate "2014.01.30"]
[WhiteTeam "TSG Wittenberg"]
[BlackTeam "SG Wedding e.V."]

1. e4 d6 2. d4 Nf6 3. Nc3 c6 4. f4 e6 5. Nf3 Be7 6. Bd3 b6 7. O-O Ba6 8. Qe2
Bxd3 9. cxd3 O-O 10. Bd2 Na6 11. Rac1 Nc7 12. Nd1 c5 13. Bc3 Nb5 14. Ne3 Nh5
15. g3 g6 16. f5 Nxc3 17. bxc3 Re8 18. fxg6 fxg6 19. Qg2 Bf8 {Rest unklar.} 1-0

[Event "BSenEM 2014"]
[Site "Berlin"]
[Date "2014.02.01"]
[Round "3.34"]
[White "Roloff, Karsten"]
[Black "Schraepel, Manfred"]
[Result "0-1"]
[WhiteElo "1547"]
[BlackElo "1757"]
[Annotator "Jaeger,André"]
[PlyCount "96"]
[EventDate "2014.01.30"]
[WhiteTeam "CFC Hertha 06 e.V."]
[BlackTeam "BSV 63 Chemie Weißensee"]

1. d4 d5 2. c4 e6 3. Nf3 Nf6 4. Nc3 Be7 5. Bg5 Nbd7 6. cxd5 exd5 7. e3 c6 8.
Bd3 O-O 9. Qc2 Re8 10. O-O Nf8 11. Rab1 Bg4 12. Ne5 Bh5 13. b4 a6 14. a4 Ng4
15. Bxe7 Rxe7 16. Nxg4 Bxg4 17. h3 Bh5 18. a5 Bg6 19. Bxg6 Nxg6 20. Na4 Rb8 21.
Qc5 Nf8 22. Nb6 Nd7 23. Nxd7 Qxd7 24. Rfc1 Rbe8 25. Qc3 f5 26. Re1 Qd6 27. g3
Qh6 28. Kg2 Re6 29. Rb2 Qh5 30. Rbe2 Rh6 31. h4 f4 32. e4 dxe4 33. Rxe4 Qd5 34.
Qf3 Rxe4 35. Rxe4 Rf6 36. Rxf4 Rxf4 37. Qxd5+ cxd5 38. gxf4 Kf7 39. Kf3 Kg6 40.
Kg3 h5 41. Kf3 Kf5 42. Ke3 Kg4 43. f3+ Kf5 44. Kf2 Kxf4 45. Ke2 g5 46. hxg5
Kxg5 47. Ke3 Kf5 48. Kf2 Kf4 0-1

[Event "BSenEM 2014"]
[Site "Berlin"]
[Date "2014.02.01"]
[Round "3.35"]
[White "Scholz, Werner"]
[Black "Fiedler, Wolfgang"]
[Result "0-1"]
[WhiteElo "1538"]
[BlackElo "1746"]
[Annotator "Jaeger,André"]
[PlyCount "138"]
[EventDate "2014.01.30"]
[WhiteTeam "ESV 1949 Eberswalde e.V."]
[BlackTeam "SV Berolina Mitte e.V."]

1. d4 d5 2. Nf3 Nf6 3. e3 Bg4 4. c4 e6 5. Qb3 b6 6. Ne5 c6 7. cxd5 exd5 8. Nxg4
Nxg4 9. Be2 Nf6 10. Nd2 Bd6 11. O-O Qc7 12. Nf3 Nbd7 13. Bd2 Ne4 14. Bb4 Ndf6
15. Bxd6 Qxd6 16. Rfc1 O-O 17. Rc2 c5 18. dxc5 bxc5 19. Qd3 Rac8 20. Rac1 Ng4
21. Rd1 Nexf2 22. Qxd5 Qxd5 23. Rxd5 Nxe3 24. Rcxc5 Nxd5 25. Rxd5 Ne4 26. Rd4
Rc1+ 27. Bf1 Re8 28. b4 Ra1 29. Nd2 f5 30. g3 Rd1 31. Nf3 Rxd4 32. Nxd4 Nd2 33.
Bg2 g6 34. Kf2 Kg7 35. b5 Ne4+ 36. Kf3 Nc3 37. Kf2 Kf6 38. a3 Nd1+ 39. Kf1 Ne3+
40. Kf2 Nxg2 41. Kxg2 Re4 42. Nc6 Ra4 43. Nb4 Rxa3 44. b6 axb6 45. Nd5+ Ke5 46.
Nxb6 Ke4 47. Nc4 Ra2+ 48. Kh3 Kf3 49. Ne5+ Ke4 50. Nc4 g5 51. Nd6+ Ke5 52. Nc4+
Kf6 53. g4 fxg4+ 54. Kg3 h5 55. Ne3 Ra3 56. Kf2 Rxe3 57. Kxe3 Kf5 58. Kf2 Kf4
59. Kg2 Ke3 60. Kg3 Ke2 61. Kg2 h4 62. Kg1 Kf3 63. Kf1 g3 64. h3 g4 65. hxg4 h3
66. Kg1 h2+ 67. Kh1 Kf2 68. g5 g2+ 69. Kxh2 g1=Q+ 0-1

[Event "BSenEM 2014"]
[Site "Berlin"]
[Date "2014.02.01"]
[Round "3.36"]
[White "Kohlmeyer, Dagobert"]
[Black "Ollek, Karl Heinz"]
[Result "1-0"]
[WhiteElo "1739"]
[BlackElo "1546"]
[Annotator "Jaeger,André"]
[PlyCount "120"]
[EventDate "2014.01.30"]
[WhiteTeam "SC Rochade e.V."]
[BlackTeam "SC Friesen Lichtenberg e.V."]

1. e4 g6 2. d4 Bg7 3. c4 d6 4. Nc3 Nf6 5. Be2 O-O 6. Be3 c6 7. Qd2 Ng4 8. Bxg4
Bxg4 9. Bh6 Bd7 10. h4 Qa5 11. Bxg7 Kxg7 12. h5 h6 13. d5 g5 14. f4 f6 15. fxg5
fxg5 16. Nf3 Bg4 17. Nxg5 Qc5 18. Nf3 Nd7 19. Rh4 Bxf3 20. gxf3 Qg1+ 21. Ke2
Qg2+ 22. Kd1 Qxd2+ 23. Kxd2 Ne5 24. Ke2 Nxf3 25. Rg4+ Kh7 26. b3 Ne5 27. Rg3
Rg8 {(=)} 28. Rag1 Rxg3 29. Rxg3 Rg8 30. Rxg8 Kxg8 31. Ke3 Kf7 32. Kf4 Kf6 33.
dxc6 bxc6 34. Ne2 e6 35. Ke3 Ng4+ 36. Kf4 Ne5 37. Ke3 Ng4+ 38. Kf3 Ne5+ 39. Kg3
c5 40. Nc3 a6 41. Ne2 Nd3 42. Kf3 Kg5 43. Ke3 Nb4 44. a4 Nc2+ 45. Kd3 Nd4 46.
Nxd4 cxd4 47. Kxd4 Kxh5 48. e5 Kg6 49. b4 h5 50. b5 axb5 51. cxb5 h4 52. Ke3 d5
53. b6 d4+ 54. Kxd4 h3 55. b7 h2 56. b8=Q h1=Q 57. Qg8+ Kf5 58. Qf7+ Kg4 59.
Qxe6+ Kg3 60. Qg6+ Kf2 1-0

[Event "BSenEM 2014"]
[Site "Berlin"]
[Date "2014.02.01"]
[Round "3.37"]
[White "Hirr, Rudi"]
[Black "Rehder, Frank"]
[Result "1/2-1/2"]
[WhiteElo "1523"]
[BlackElo "1722"]
[Annotator "Jaeger,André"]
[PlyCount "41"]
[EventDate "2014.01.30"]
[WhiteTeam "SG Grün-Weiß Baumschulenweg e.V."]
[BlackTeam "SC Zugzwang 95 e.V."]

1. Nf3 Nf6 2. d4 g6 3. c4 d6 4. Nc3 Bg7 5. g3 O-O 6. Bg2 c6 7. O-O Nbd7 8. Re1
e5 9. dxe5 dxe5 10. e4 Qe7 11. Bg5 h6 12. Bxf6 {(=)} Nxf6 13. Qc2 Nh5 14. Rad1
Bg4 15. Rd2 Rfd8 16. Red1 Rxd2 17. Qxd2 Be6 18. b3 Kh7 19. Ne2 f5 20. exf5 gxf5
21. Qd6 1/2-1/2

[Event "BSenEM 2014"]
[Site "Berlin"]
[Date "2014.02.01"]
[Round "3.38"]
[White "Kohlstadt Erlebach, Paul"]
[Black "Schroeder, Wolfgang"]
[Result "1-0"]
[WhiteElo "1722"]
[BlackElo "1522"]
[Annotator "Jaeger,André"]
[PlyCount "75"]
[EventDate "2014.01.30"]
[WhiteTeam "SK Tempelhof 1931 e.V."]
[BlackTeam "SSV Rotation Berlin e.V."]

1. e4 c5 2. Nf3 d6 3. d4 cxd4 4. Nxd4 Nf6 5. Nc3 a6 6. Be2 e5 7. Nf3 Be7 8. O-O
O-O 9. h3 b5 10. a3 Bb7 11. Bd3 Qc7 12. Bg5 h6 13. Bxf6 Bxf6 14. Rc1 Nd7 15.
Ne2 Nc5 16. Ng3 g6 17. c4 Nxd3 18. Qxd3 Qb6 19. cxb5 axb5 20. Rfd1 Be7 21. Qd2
Kh7 22. Nh2 Bg5 23. Qe2 Bxc1 24. Rxc1 Rac8 25. Rd1 Qc6 26. Ng4 f5 27. Nh2 fxe4
28. Qe3 d5 29. Ng4 g5 30. Nxe5 Qc2 31. Rd2 Qc1+ 32. Kh2 Rc2 33. Qb6 Bc6 34.
Qc7+ Kg8 35. Nh5 Bd7 36. Qxd7 Rc7 37. Qxd5+ Kh8 38. Ng6+ 1-0

[Event "BSenEM 2014"]
[Site "Berlin"]
[Date "2014.02.01"]
[Round "3.39"]
[White "Moeller, Dirk"]
[Black "Kolkwitz, Klaus"]
[Result "0-1"]
[WhiteElo "1514"]
[BlackElo "1720"]
[Annotator "Jaeger,André"]
[PlyCount "76"]
[EventDate "2014.01.30"]
[WhiteTeam "SC Kreuzberg e.V."]
[BlackTeam "ESV 1949 Eberswalde e.V."]

1. e4 d6 2. d4 Nf6 3. Bd3 g6 4. f4 c5 5. Nf3 Bg4 6. dxc5 Qa5+ 7. Nc3 Qxc5 8.
Qe2 Bg7 9. Be3 Qa5 10. O-O O-O 11. Qd2 Nc6 12. h3 Bxf3 13. Rxf3 Nd7 14. a3 Nd4
15. Rf2 e6 16. g4 Qd8 17. g5 Nc5 18. h4 Nxd3 19. Qxd3 Nc6 20. h5 gxh5 21. Rh2
f6 22. Qd1 Qe8 23. Rxh5 fxg5 24. Rxg5 Qe7 25. Qh5 Rf6 26. Kf2 Kh8 27. Rag1 Rg8
28. Qg4 Ne5 29. Qg2 Ng6 30. Qh2 Nxf4 31. Ke1 e5 32. Bxf4 exf4 33. Rh5 Rh6 34.
Rxh6 Bxc3+ 35. bxc3 Qxe4+ 36. Kf1 Qf3+ 37. Qf2 Qd1+ 38. Qe1 Rxg1+ 0-1

[Event "BSenEM 2014"]
[Site "Berlin"]
[Date "2014.02.01"]
[Round "3.40"]
[White "Gremm, Albert Juergen"]
[Black "Sattler, Guenther"]
[Result "1-0"]
[WhiteElo "1718"]
[BlackElo "1513"]
[Annotator "Jaeger,André"]
[PlyCount "65"]
[EventDate "2014.01.30"]
[WhiteTeam "SC Kreuzberg e.V."]
[BlackTeam "SV Turbine Berlin e.V."]

1. d4 d5 2. e4 e6 3. e5 c5 4. c3 Nc6 5. Nf3 c4 6. g3 b5 7. Bg2 Be7 8. O-O a5 9.
h4 h6 10. Nh2 b4 11. f4 Bxh4 12. gxh4 Qxh4 13. Qg4 Qxg4 14. Nxg4 Nge7 15. Ne3
O-O 16. f5 exf5 17. Nxd5 Ra7 18. Nd2 Ba6 19. Ne3 g6 20. Bd5 Nxd5 21. Nxd5 b3
22. Kf2 Nxd4 23. cxd4 c3 24. Rh1 cxd2 25. Bxd2 h5 26. Rag1 Bb7 27. Nf6+ Kg7 28.
Rxh5 Rh8 29. Rxh8 Kxh8 30. d5 bxa2 31. Rh1+ Kg7 32. Bh6+ Kh8 33. Bf8# 1-0

[Event "BSenEM 2014"]
[Site "Berlin"]
[Date "2014.02.01"]
[Round "3.41"]
[White "Herrmann, Eberhard"]
[Black "Freihube, Manfred"]
[Result "1-0"]
[WhiteElo "1705"]
[BlackElo "1511"]
[Annotator "Jaeger,André"]
[PlyCount "39"]
[EventDate "2014.01.30"]
[WhiteTeam "SC Friesen Lichtenberg e.V."]
[BlackTeam "SC Schwarz-Weiß Lichtenrade e.V."]

1. e4 c6 2. Nc3 d5 3. e5 Bf5 4. f4 e6 5. d3 Bb4 6. Bd2 Nd7 7. Nf3 c5 8. Nb5
Bxd2+ 9. Qxd2 h6 10. d4 Ne7 11. Nd6+ Kf8 12. Bd3 b6 13. b3 a6 {(=)} 14. O-O
cxd4 15. Nxd4 Bxd3 16. cxd3 g6 17. Rac1 Nc8 18. Nb7 Qh4 19. Rc7 Nxe5 20. Qb4+
1-0

[Event "BSenEM 2014"]
[Site "Berlin"]
[Date "2014.02.01"]
[Round "3.42"]
[White "Mueller, Johannes"]
[Black "Ebert, Lothar"]
[Result "1-0"]
[WhiteElo "1694"]
[BlackElo "1440"]
[Annotator "Jaeger,André"]
[PlyCount "101"]
[EventDate "2014.01.30"]
[WhiteTeam "SC Friesen Lichtenberg e.V."]
[BlackTeam "ohne Verein"]

1. e4 e6 2. d4 d5 3. e5 c5 4. c3 Nc6 5. Nf3 h6 6. h4 c4 7. g3 Bd7 8. Bh3 Qc7 9.
O-O f6 10. exf6 Nxf6 11. Re1 Qc8 12. Nbd2 Bd6 13. Ne5 Nd8 14. Qc2 O-O 15. Ndf3
Ne4 16. Bf4 Bxe5 17. Nxe5 Nf7 18. f3 Nxe5 19. fxe4 Nf3+ 20. Kg2 Nxe1+ 21. Rxe1
e5 22. Bxd7 Qxd7 23. Bxe5 Rf7 {(=)} 24. exd5 Qxd5+ 25. Qe4 Qxe4+ 26. Rxe4 Raf8
27. Re2 Rd7 28. Bf4 Rfd8 29. Re5 a6 30. Kf3 Rd5 31. Re6 R8d7 32. Re8+ Kf7 33.
Rc8 b5 34. Rc6 a5 35. Ra6 a4 36. a3 Re7 37. Rb6 Re6 38. Rb8 g5 39. hxg5 hxg5
40. Be5 Re8 41. Rb7+ Re7 42. Rxe7+ Kxe7 43. Kg4 Ke6 44. Kxg5 Kf7 45. Kf5 Rd8
46. g4 Rg8 47. g5 Rg6 48. d5 Rg8 49. d6 Re8 50. g6+ Kg8 51. d7 1-0

[Event "BSenEM 2014"]
[Site "Berlin"]
[Date "2014.02.01"]
[Round "3.43"]
[White "Trostel, Uwe"]
[Black "Schulz, Manfred"]
[Result "1/2-1/2"]
[WhiteElo "1688"]
[BlackElo "1370"]
[Annotator "Jaeger,André"]
[PlyCount "83"]
[EventDate "2014.01.30"]
[WhiteTeam "SF Friedrichshagen"]
[BlackTeam "SK Tempelhof 1931 e.V."]

1. d4 b6 2. c4 e6 3. Nf3 Bb7 4. Nc3 Bb4 5. e3 Nf6 6. a3 Bxc3+ 7. bxc3 d6 8. Bd3
Nbd7 9. Qe2 Ne4 10. Bxe4 Bxe4 11. O-O Nf6 12. Nd2 Bb7 13. e4 e5 14. Rb1 c5 15.
d5 Bc8 16. f4 exf4 17. e5 Qe7 18. Nf3 O-O 19. Bxf4 Nh5 20. Qe3 Nxf4 21. Qxf4
dxe5 22. Nxe5 Qc7 23. Rbd1 Qd6 24. Nc6 Qxf4 25. Ne7+ Kh8 26. Rxf4 Bd7 27. Rdf1
f6 28. g4 Rf7 29. Nf5 Bxf5 30. Rxf5 Rd8 31. g5 Rd6 32. gxf6 Rfxf6 33. Rxf6 gxf6
34. Re1 Kg8 35. Re7 a5 36. Rc7 f5 37. Rc6 Rg6+ 38. Kf2 Kf8 39. Rc7 h5 40. h3
Ke8 41. Rh7 f4 42. Rxh5 1/2-1/2

[Event "BSenEM 2014"]
[Site "Berlin"]
[Date "2014.02.01"]
[Round "3.44"]
[White "Heyne, Klaus"]
[Black "Engelhardt, Erhard"]
[Result "0-1"]
[WhiteElo "1047"]
[BlackElo "1674"]
[Annotator "Jaeger,André"]
[PlyCount "108"]
[EventDate "2014.01.30"]
[WhiteTeam "SV Berolina Mitte e.V."]
[BlackTeam "SSV Rotation Berlin e.V."]

1. d4 e6 2. c4 b6 3. Nf3 Bb7 4. e3 f5 5. Be2 Nf6 6. Nc3 Bb4 7. Bd2 O-O 8. a3
Bxc3 9. Bxc3 Ne4 10. Bb4 d6 11. O-O Nd7 12. Rc1 a5 13. Bd2 Qe7 14. Bc3 Ndf6 15.
Nd2 Nxc3 16. Rxc3 Rad8 17. Bf3 Bxf3 18. Nxf3 e5 19. d5 h6 20. Re1 Qf7 21. h3
Kh8 22. b4 Ra8 23. b5 Rg8 24. a4 g6 25. Nd2 Nd7 26. Nb3 g5 27. Rf1 Qg6 28. g4
Raf8 29. f3 h5 30. Rc2 Rg7 31. Rg2 Re8 32. Qc2 Rf8 33. e4 fxg4 34. hxg4 h4 35.
Rh2 Rgf7 36. Rh3 Nf6 37. Nd2 Nd7 38. Nb3 Rf4 39. Qg2 Qf7 40. Rf2 Nf6 41. Rh2
Qd7 42. Qf1 Qc8 43. Nd2 Rf7 44. Qe2 Qf8 45. Qf1 Nd7 46. Nb3 Rxf3 47. Rxf3 Rxf3
48. Rf2 Rf4 49. Nd2 Kg7 50. Nf3 Kg6 51. Nxh4+ gxh4 52. Rxf4 Qxf4 53. Qh3 Kg5
54. Qg2 Qxg4 0-1

[Event "BSenEM 2014"]
[Site "Berlin"]
[Date "2014.02.01"]
[Round "3.45"]
[White "Krusemark, Gerhard"]
[Black "Paris, Gerhard"]
[Result "1-0"]
[WhiteElo "1667"]
[BlackElo "1345"]
[Annotator "Jaeger,André"]
[PlyCount "75"]
[EventDate "2014.01.30"]
[WhiteTeam "TSG RW Fredersdorf/Vogelsdorf"]
[BlackTeam "TSG Oberschöneweide e.V."]

1. e4 e5 2. Nf3 d6 3. d4 exd4 4. Nxd4 g6 5. g3 Bg7 6. Bg2 Nf6 7. Nc3 O-O 8. O-O
Bg4 9. Qd3 Na6 10. Nb3 Nb4 11. Qd2 Nc6 12. h3 Bd7 13. Qd1 Ne5 14. Nd4 Qc8 15.
Kh2 h5 16. f4 Nc6 17. Nf3 Re8 18. Re1 Ne7 19. e5 dxe5 20. Nxe5 Nc6 21. Bd2 Nxe5
22. Rxe5 Rxe5 23. fxe5 Ng4+ 24. hxg4 Bxe5 25. gxh5 Bg4 26. Bf3 Qd8 27. Bxg4
Qh4+ 28. Kg1 Qxg3+ 29. Kf1 Bd4 30. Qf3 Qg1+ 31. Ke2 Qh2+ 32. Kd3 Rd8 33. Nd5
Qe5 34. Re1 Qd6 35. hxg6 Qxd5 36. Qxf7+ Qxf7 37. gxf7+ Kxf7 38. Rf1+ 1-0

[Event "BSenEM 2014"]
[Site "Berlin"]
[Date "2014.02.01"]
[Round "3.47"]
[White "Theilig, Reinhard"]
[Black "Krueger, Detlef"]
[Result "1/2-1/2"]
[WhiteElo "1460"]
[BlackElo "1664"]
[Annotator "Jaeger,André"]
[PlyCount "32"]
[EventDate "2014.01.30"]
[WhiteTeam "VfB Hermsdorf e.V."]
[BlackTeam "TSG RW Fredersdorf/Vogelsdorf"]

1. Nf3 d5 2. c4 e6 3. g3 Nf6 4. Bg2 Bd6 5. O-O O-O 6. b3 c6 7. Bb2 Nbd7 8. Nc3
Re8 9. cxd5 exd5 10. Re1 Qc7 11. Rc1 a6 12. a3 b5 13. b4 Nb6 14. d3 h6 15. Qc2
Bb7 16. Nd4 Qd7 1/2-1/2

[Event "BSenEM 2014"]
[Site "Berlin"]
[Date "2014.02.01"]
[Round "3.49"]
[White "Modrow, Reinert"]
[Black "Langer, Guenter"]
[Result "1/2-1/2"]
[WhiteElo "1420"]
[BlackElo "1657"]
[Annotator "Jaeger,André"]
[PlyCount "89"]
[EventDate "2014.01.30"]
[WhiteTeam "ESV 1949 Eberswalde e.V."]
[BlackTeam "TSG Oberschöneweide e.V."]

1. d4 c6 2. c4 d5 3. cxd5 cxd5 4. Nc3 Nf6 5. Nf3 e6 6. e3 Nc6 7. Be2 Bd6 8. Bd2
a6 9. Rc1 Bd7 10. a3 Rc8 11. O-O O-O 12. Re1 b5 13. Bd3 Na5 14. Na2 Nc4 15. Bc3
Re8 16. Bxc4 bxc4 17. Bb4 Bb8 18. Bc3 Ne4 19. Nd2 Nd6 20. e4 Bc6 21. exd5 Bxd5
22. Nb4 Bb7 23. Qg4 Nb5 24. Qe2 a5 25. Na2 Bd5 26. Nf3 Qc7 27. Qe5 Qd8 28. Qe2
Qf6 29. Ne5 Qe7 30. Qe3 Bc7 31. g3 Nd6 32. Nf3 Qf6 33. Nd2 Nf5 34. Ne4 Qe7 35.
Qd2 h6 36. f4 Bxe4 37. Rxe4 Nd6 38. Re2 {(=)} Bb6 39. Bxa5 Qb7 40. Bxb6 Qxb6
41. Nc3 f5 42. Kf1 Qb7 43. Kg1 Rcd8 44. Rce1 Kf7 45. d5 1/2-1/2

[Event "BSenEM 2014"]
[Site "Berlin"]
[Date "2014.02.01"]
[Round "3.50"]
[White "Weber, Viktor"]
[Black "Klevenow, Hellmut"]
[Result "1-0"]
[WhiteElo "1390"]
[BlackElo "1629"]
[Annotator "Jaeger,André"]
[PlyCount "60"]
[EventDate "2014.01.30"]
[WhiteTeam "SKV Bad Freienwalde/Oder e.V."]
[BlackTeam "SV Königsjäger Süd-West e.V."]

1. d4 d5 2. c4 c6 3. cxd5 cxd5 4. Nc3 Nc6 5. Nf3 Nf6 6. Bf4 a6 7. e3 e6 8. h3
Bd6 9. Bxd6 Qxd6 10. a3 O-O 11. b4 b5 12. Bd3 Bb7 13. Bc2 Ne7 14. Qd3 g6 15.
Ne2 Ne4 16. Nd2 Rac8 17. Nb3 Nf5 18. Nc5 Nxc5 19. bxc5 Qc7 20. O-O Nd6 21. cxd6
Qxc2 22. Qxc2 Rxc2 23. Rac1 Rc4 24. Rxc4 dxc4 25. Nc3 Rd8 26. Rb1 Rxd6 27. a4 {
(=)} Rb6 28. axb5 axb5 29. Rxb5 Rxb5 30. Nxb5 Kf8 {Rest unklar.} 1-0

[Event "BSenEM 2014"]
[Site "Berlin"]
[Date "2014.02.01"]
[Round "3.52"]
[White "Garms, Ilse"]
[Black "Klevenow, Ursula"]
[Result "0-1"]
[WhiteElo "1610"]
[BlackElo "1404"]
[Annotator "Jaeger,André"]
[PlyCount "82"]
[EventDate "2014.01.30"]
[WhiteTeam "ESV 1949 Eberswalde e.V."]
[BlackTeam "SK Tempelhof 1931 e.V."]

1. d4 d5 2. Nf3 Nf6 3. e3 Bg4 4. Be2 e6 5. Nbd2 c5 6. c3 Bd6 7. O-O O-O 8. Re1
Nc6 9. dxc5 Bxc5 10. Nd4 Bxe2 11. Nxe2 Rc8 12. Nf3 Qc7 13. Ng3 Bd6 14. Bd2 Bxg3
15. hxg3 Ne4 16. Re2 Na5 17. Be1 Nc4 18. Rc1 Qe7 19. b3 Ncd6 20. Rec2 b5 21.
Qe2 a6 22. g4 Qf6 23. Nh2 Rc6 24. f3 Ng5 25. Bd2 e5 26. Qd3 Qe6 27. Qe2 h6 {(=)
} 28. Nf1 f5 29. gxf5 Nxf5 30. e4 dxe4 31. fxe4 Nh4 32. Bxg5 hxg5 33. Qd3 Rd6
34. Qg3 Qe7 35. Nh2 Rf4 36. Re2 Qd8 37. Qe3 Rd3 38. Qc5 Kh7 39. Qxe5 Rd1+ 40.
Re1 Rxc1 41. Rxc1 Qd2 0-1

[Event "BSenEM 2014"]
[Site "Berlin"]
[Date "2014.02.01"]
[Round "3.53"]
[White "Thur, Herbert"]
[Black "Poeltelt, Helmut"]
[Result "0-1"]
[WhiteElo "1332"]
[BlackElo "1592"]
[Annotator "Jaeger,André"]
[PlyCount "102"]
[EventDate "2014.01.30"]
[WhiteTeam "SF Friedrichshagen"]
[BlackTeam "SC Eintracht Berlin e.V."]

1. d4 Nf6 2. Bf4 g6 3. e3 Bg7 4. Nf3 d5 5. c4 O-O 6. Nc3 c6 7. Bd3 Nh5 8. Ne2
Nxf4 9. Nxf4 Qa5+ 10. Qd2 Qxd2+ 11. Nxd2 dxc4 12. Bxc4 e5 13. dxe5 Bxe5 14. Nd3
Bg7 15. Rd1 Nd7 16. a3 b5 17. Ba2 c5 18. b4 c4 19. Nc5 Nxc5 20. bxc5 Be6 21.
Ne4 Rfc8 22. Ng5 Bc3+ 23. Ke2 Rxc5 24. Nxe6 fxe6 25. Rb1 Rd8 26. Rhd1 Rcd5 27.
a4 Rd2+ 28. Rxd2 Rxd2+ 29. Kf3 Rxa2 30. Rxb5 Rxa4 31. g4 Bd2 32. g5 Rb4 33. Ra5
Rb7 34. Rc5 c3 35. Ke2 Kf7 36. Kd1 Ke7 37. h4 Kd7 38. Rc4 Rc7 39. Rd4+ Ke7 40.
Kc2 Rb7 41. Ra4 Rc7 42. e4 Be1 43. f4 Bxh4 44. e5 Bf2 45. Ra6 Rc4 46. Ra1 Rxf4
47. Rb1 Bb6 48. Kxc3 Rf5 49. Rh1 Rxe5 50. Rxh7+ Kd6 51. Rh3 Re3+ 0-1

[Event "BSenEM 2014"]
[Site "Berlin"]
[Date "2014.02.01"]
[Round "3.54"]
[White "Scheumann, Joachim"]
[Black "Schweitzer, Paul"]
[Result "0-1"]
[WhiteElo "1350"]
[BlackElo "1563"]
[Annotator "Jaeger,André"]
[PlyCount "92"]
[EventDate "2014.01.30"]
[WhiteTeam "Godesberger SK 1929 e.V."]
[BlackTeam "SV Königsjäger Süd-West e.V."]

1. c4 Nc6 2. Nc3 e5 3. e4 Nf6 4. g3 a6 5. Bg2 Bc5 6. h3 Nd4 7. Nge2 c6 8. O-O
d6 9. d3 Bd7 10. a3 b5 11. Nxd4 exd4 12. Ne2 Qc8 13. Kh2 h5 14. Bg5 Nh7 15. Qd2
f6 16. Bh6 O-O 17. Qc1 Qe8 18. Bd2 g5 19. f4 h4 20. f5 Kh8 21. b4 Ba7 22. c5
hxg3+ 23. Nxg3 dxc5 24. bxc5 Qe5 25. Rf3 Bb8 26. Kg1 Rf7 27. h4 Rg7 28. hxg5
Nxg5 29. Rf4 Kg8 30. Kf2 Qe8 31. Rg4 Bxg3+ 32. Rxg3 Qe7 33. Rg4 Kf7 34. Qh1
Rag8 35. Qh5+ Kf8 36. Bxg5 Rxg5 37. Rxg5 Rxg5 38. Qh8+ Rg8 39. Qh6+ Ke8 40. Rh1
Kd8 41. Qh7 Rg7 42. Qh6 Kc8 43. Qc1 Qe5 44. Rh3 Kb7 45. Qd2 Qxc5 46. Qh6 Qc2+
0-1

[Event "BSenEM 2014"]
[Site "Berlin"]
[Date "2014.02.01"]
[Round "3.55"]
[White "Tuerk, Bernhard"]
[Black "Kuehnemann, Gunnar"]
[Result "1-0"]
[WhiteElo "1294"]
[BlackElo "1558"]
[Annotator "Jaeger,André"]
[PlyCount "83"]
[EventDate "2014.01.30"]
[WhiteTeam "SC Eintracht Berlin e.V."]
[BlackTeam "Mariendorfer SV 06 e.V."]

1. d4 Nf6 2. c4 g6 3. Nc3 Bg7 4. Nf3 d6 5. h3 O-O 6. e4 e5 7. d5 Na6 8. a3 Nc5
9. Bd3 Nxd3+ 10. Qxd3 Nh5 11. Ne2 f5 12. exf5 Bxf5 13. Qb3 Nf4 14. Bxf4 exf4
15. O-O-O Bd7 16. g4 b5 17. Ned4 bxc4 18. Qxc4 Rb8 19. Rd2 Kh8 20. Re1 Re8 21.
Rxe8+ Qxe8 22. Nc6 Bxc6 23. dxc6 Rb6 24. Rc2 Bxb2+ 25. Kd1 Bxa3 26. Qc3+ Kg8
27. Qxa3 Rxc6 28. Rxc6 Qxc6 29. Ke1 Qe4+ {(=)} 30. Kf1 Qb1+ 31. Kg2 Qb6 32.
Qa2+ Kg7 33. Qe6 Qc6 34. Qe7+ Kg8 35. Qf6 a5 36. Qxf4 a4 37. Qe3 Kg7 38. Kg3
Qd5 39. Qc3+ Kg8 40. Qxc7 a3 41. Qb8+ Kg7 42. Qa7+ 1-0

[Event "BSenEM 2014"]
[Site "Berlin"]
[Date "2014.02.01"]
[Round "3.56"]
[White "Tham, Franz"]
[Black "Fiedler, Ronald"]
[Result "0-1"]
[WhiteElo "1273"]
[BlackElo "1537"]
[Annotator "Jaeger,André"]
[PlyCount "40"]
[EventDate "2014.01.30"]
[WhiteTeam "TSG RW Fredersdorf/Vogelsdorf"]
[BlackTeam "SG Wedding e.V."]

1. Nf3 Nf6 2. d4 d5 3. c4 e6 4. Nc3 c5 5. Bf4 a6 6. e3 Nc6 7. cxd5 Nxd5 8. Nxd5
Qxd5 9. Be2 cxd4 10. O-O dxe3 11. Qxd5 exf2+ 12. Rxf2 exd5 13. Rd1 Be6 14. Ng5
Bc5 15. a3 Bxf2+ 16. Kxf2 O-O 17. Kf1 h6 18. Nf3 Rfe8 19. Rd2 Na5 20. b4 Nc4
0-1

[Event "BSenEM 2014"]
[Site "Berlin"]
[Date "2014.02.01"]
[Round "3.57"]
[White "Huelle, Gunter"]
[Black "Walther, Lothar"]
[Result "1-0"]
[WhiteElo "1511"]
[BlackElo "1165"]
[Annotator "Jaeger,André"]
[PlyCount "89"]
[EventDate "2014.01.30"]
[WhiteTeam "SV Springer Leipzig"]
[BlackTeam "SV Turbine Berlin e.V."]

1. b4 Nf6 2. Bb2 d6 3. c4 b6 4. e3 Bb7 5. b5 Nbd7 6. d4 c5 7. Nf3 e6 8. Nbd2 d5
9. Be2 Qc7 10. O-O Bd6 11. h3 O-O 12. a4 Rfe8 13. dxc5 Bxc5 14. cxd5 Bxd5 15.
Rc1 Rad8 16. Nb3 Bxb3 17. Qxb3 h6 18. Nd4 Rc8 19. Nc6 Ne4 20. Rfd1 Kh8 21. Qd3
Ndf6 22. Bf3 Qd6 23. Bxe4 Qxd3 24. Bxd3 Rc7 25. Bxf6 gxf6 26. Be2 e5 27. Rc2
Re6 28. Rd8+ Kg7 29. Rcd2 f5 30. Bc4 Rf6 31. Nxe5 f4 32. e4 Re7 33. Nd7 Rg6 34.
e5 h5 35. Nxc5 bxc5 36. R8d7 Rxe5 37. Bxf7 Rgg5 38. Bxh5+ Kf6 39. Bg4 Rxg4 40.
hxg4 c4 41. R2d6+ Re6 42. g5+ Ke5 43. Rxe6+ Kxe6 44. Rd4 c3 45. Rc4 1-0